| 000 | 01017cam a2200337 a 4500 | ||
|---|---|---|---|
| 001 | 2359 | ||
| 003 | FISKH | ||
| 005 | 20231120093659.0 | ||
| 008 | 990614s2000 nyua j 000 1 eng | ||
| 010 | _a 99036118 | ||
| 020 | _a0307465020 | ||
| 020 | _a0307265021 (pbk.) | ||
| 020 | _a033500265020 | ||
| 040 |
_aDLC _cDLC _dDLC _beng |
||
| 042 | _alcac | ||
| 050 | 0 | 0 |
_aPZ7.C7856 _bAb 2000 |
| 082 | 0 | 0 |
_a[Fic] _221 |
| 100 | 1 | _aCooper, Ilene. | |
| 245 | 1 | 0 |
_aAbsolutely Lucy / _cby Ilene Cooper ; illustrated by Amanda Harvey. |
| 260 |
_aNew York : _bGolden Books, _c2000. |
||
| 300 |
_a76 pages : _billustrations ; _c20 cm |
||
| 440 | 0 |
_aRoad to reading. _nMile 5 |
|
| 505 | _aK | ||
| 520 | _aBobby is a shy boy until he gets a beagle puppy named Lucy, who helps him to make new friends. | ||
| 521 | 8 |
_a510
_bLexile |
|
| 521 | 8 |
_aK
_bRaz-Plus |
|
| 650 | 1 |
_aDogs _vFiction. |
|
| 700 | 1 |
_aHarvey, Amanda, _eillustrator |
|
| 906 |
_a7 _bcbc _corignew _d1 _eocip _f19 _gy-gencatlg |
||
| 942 |
_2ddc _cBK _n0 |
||
| 999 |
_c2359 _d2359 |
||